laboratory manual for analysis of milk and milk products (Record no. 232624)

000 -LEADER
fixed length control field nam a22 7a 4500
003 - CONTROL NUMBER IDENTIFIER
control field Nust
005 - DATE AND TIME OF LATEST TRANSACTION
control field 20170221151145.0
008 - FIXED-LENGTH DATA ELEMENTS--GENERAL INFORMATION
fixed length control field 170221b xxu||||| |||| 00| 0 eng d
020 ## - INTERNATIONAL STANDARD BOOK NUMBER
International Standard Book Number 978-969-417-173-9
040 ## - CATALOGING SOURCE
Transcribing agency ASAB
082 ## - DEWEY DECIMAL CLASSIFICATION NUMBER
Classification number 637.12 MAS
245 ## - TITLE STATEMENT
Title laboratory manual for analysis of milk and milk products
Statement of responsibility, etc. dr. tariq masud
300 ## - PHYSICAL DESCRIPTION
Extent vi p., 1 l., 163 p.
Other physical details illus.
Dimensions 22 cm.
942 ## - ADDED ENTRY ELEMENTS (KOHA)
Source of classification or shelving scheme
Koha item type Book
Holdings
Withdrawn status Lost status Source of classification or shelving scheme Damaged status Not for loan Collection code Permanent Location Current Location Date acquired Total Checkouts Full call number Barcode Date last seen Price effective from Koha item type
            Atta-ur-Rahman School of Applied Biosciences (ASAB) Atta-ur-Rahman School of Applied Biosciences (ASAB) 02/21/2017   637.12 MAS ASAB3271 02/21/2017 02/21/2017 Book
© 2023 Central Library, National University of Sciences and Technology. All Rights Reserved.